00421nam a2200133 4500001000700000003000900007007000300016008004100019100002000060245011700080260003400197300003500231852002100266112712ES-MaACLt|061121s1930 cu r ||||1| spa d1 aNovo, Adelardo.10aDe la Habana a Sevilla por los aires b: (impresiones de un periodista español pasajero de Zeppelin) / c1930. aLa Habana : bHermes, c1930. a260 p. : bil. ; c21 x 14 cm. aES-MaACLjB-9042